Género y mercado de trabajo: Honduras y Nicaragua /

Guardado en:
Bibliografiske detaljer
Hovedforfatter: Fernández - Pacheco, Janina
Andre forfattere: ed.
Format: Texto
Udgivet: San José: OIT
Tags: Tilføj Tag
Ingen Tags, Vær først til at tagge denne postø!

MARC

LEADER 00000 a a2200000 04500
001 32776
003
040
020 |a 92-2-315011-6  
090 |a 204402  
100 |a Fernández - Pacheco, Janina  
245 |a Género y mercado de trabajo: Honduras y Nicaragua /  |c Janina Fernández - Pacheco  
260 |a San José:   |b OIT  
300 |a 424 p.  
700 |a ed.  
999 |c 11122  |d 11122